Az Országos Klinikai Idegtudományi Intézet minőségmenedzsmentje A betegellátás biztonságának fejlesztési lehetőségei a ’BELLA’ akkreditációs program segítségével

Bibliographic Details
Main Author: Aghalkalaa Omár Mátyás
Other Authors: Tóth Dr. Antal
Format: Thesis
Kulcsszavak:BELLA
Online Access:http://dolgozattar.uni-bge.hu/4225

MARC

LEADER 00000nta a2200000 i 4500
001 dolg4225
005 20160517141000.0
008 151207suuuu hu om 000 hun d
040 |a BGE Dolgozattár Repozitórium  |b hun 
041 |a hu 
100 1 |a Aghalkalaa Omár Mátyás 
245 1 3 |a Az Országos Klinikai Idegtudományi Intézet minőségmenedzsmentje A betegellátás biztonságának fejlesztési lehetőségei a ’BELLA’ akkreditációs program segítségével  |c Aghalkalaa Omár Mátyás  |h [elektronikus dokumentum] 
246 1 1 |a Az Országos Klinikai Idegtudományi Intézet minőségmenedzsmentje A betegellátás biztonságának fejlesztési lehetőségei a ’BELLA’ akkreditációs program segítségével 
695 |a BELLA 
700 1 |a Tóth Dr. Antal  |e ths 
856 4 0 |u http://dolgozattar.uni-bge.hu/4225/1/Aghalkalaa%20Om%C3%A1r%20M%C3%A1ty%C3%A1s%20szakdolgozat.pdf  |z Dokumentum-elérés